000 00649nam a2200217 a 4500
999 _c2133
_d2133
001 2133
003 BD-JhCC
005 20171030101102.0
008 171030s1980 bg |||| |a|| 000 0 ben d
035 _a(BD-JhCC)2133
040 _aBD-JhCC
_dBD-JhCC
041 _aben
082 _a810
_bCHO 1980
100 _aচৌধুরী, কবীর
245 _aআধুনিক মার্কিন সাহত্য /
_cকবীর চৌধুরী,
260 _aঢাকা :
_bসন্ধানী প্রকাশনী,
_c1980
300 _a112 p. :
_c20 cm
650 _aAmerican Literature
942 _2ddc
_cBK